000 00217nam a2200085Ia 4500
008 120527s9999 xx 000 0 und d
100 _aBernstein & Freeman
245 _aAcademic and Entrepreneurial Research
942 _cBK
999 _c27224
_d27224